| 000 | 00490nam a2200181Ia 4500 | ||
|---|---|---|---|
| 001 | 18581 | ||
| 005 | 20260306171641.0 | ||
| 008 | 260306s9999||||xx |||||||||||||| ||und|| | ||
| 041 | _aESP | ||
| 082 |
_a658.409 _bT48 |
||
| 100 |
_aThorndike, William _eAUT |
||
| 245 | 4 |
_aThe outsiders: _beight unconventional CEOs and their radically rational blueprint for success |
|
| 260 | _c2012 | ||
| 300 |
_a251 páginas : _c22 cm. |
||
| 650 | _aGEN | ||
| 654 | _aCAN | ||
| 942 |
_cLIB _dJUS _fJUS _2ddc _n |
||
| 999 |
_c18581 _d18581 |
||